000 00318nam a22001457a 4500
008 210308b ||||| |||| 00| 0 eng d
020 _a9780070275966
041 _aeng
080 _a37
082 _a37
100 _a46
101 _aEDU
245 _aFokus Deutsch Beginning German 1
_cDelia, R
942 _2udc
_cBK
999 _c55962
_d55962